BSOP header

路易十四的時代 Luyi shi si de shi dai (Record no. 35406)

MARC details
000 -LEADER
fixed length control field 01270nam a2200229 4500
008 - FIXED-LENGTH DATA ELEMENTS--GENERAL INFORMATION
fixed length control field 110301s1998 ch ab 000 0 chi
090 ## - LOCALLY ASSIGNED LC-TYPE CALL NUMBER (OCLC); LOCAL CALL NUMBER (OCLC)
Classification number (OCLC) (R) ; Classification number, CALL (RLIN) (NR) CB53
Local cutter number (OCLC) ; Book number/undivided call number, CALL (RLIN) D93
-- 8.2
100 1# - MAIN ENTRY--PERSONAL NAME
Personal name 威爾・杜蘭 Durant, Will,
Dates associated with a name 1885-1981
245 10 - TITLE STATEMENT
Title 路易十四的時代 Luyi shi si de shi dai
246 10 - VARYING FORM OF TITLE
Title proper/short title Age of Louis XIV {ch} /
-- 威爾・杜蘭 Wei'er Dulan zhu ; 幼獅文化公司編譯 You shi wen hua gong si bian yi
260 ## - PUBLICATION, DISTRIBUTION, ETC. (IMPRINT)
Place of publication, distribution, etc 臺北市 Taibei shi :
Name of publisher, distributor, etc 幼獅文化事業公司 You shi wen hua shi ye gong si,
Date of publication, distribution, etc c[1998].
300 ## - PHYSICAL DESCRIPTION
Extent 3 v. :
Other physical details ill., maps ;
Dimensions 22 cm.
490 1# - SERIES STATEMENT
Series statement 世界文明史 Shi jie wen ming shi = The story of civilization ;
Volume number/sequential designation 第8卷 di 8 juan
504 ## - BIBLIOGRAPHY, ETC. NOTE
Bibliography, etc Includes bibliographical references and indexes
505 0# - FORMATTED CONTENTS NOTE
Formatted contents note Pt. 1. 路易十四與法國 Luyi shi si yu Faguo -- pt. 2. 英倫, 歐陸的興革 Yinglun, Ou lu de xing ge -- pt. 3. 智識的探險 Zhi shi de tan xian
651 #4 - SUBJECT ADDED ENTRY--GEOGRAPHIC NAME
Geographic name Europe
General subdivision History
-- 1648-1789 {ch}
951 ## - EQUIVALENCE OR CROSS-REFERENCE-GEOGRAPHIC NAME/AREA NAME [OBSOLETE] [CAN/MARC only]
General subdivision 00040125
700 1# - ADDED ENTRY--PERSONAL NAME
Personal name 幼獅文化公司編譯 You shi wen hua gong si bian
740 02 - ADDED ENTRY--UNCONTROLLED RELATED/ANALYTICAL TITLE
Uncontrolled related/analytical title 智識的探險 Zhi shi de tan xian
740 02 - ADDED ENTRY--UNCONTROLLED RELATED/ANALYTICAL TITLE
Uncontrolled related/analytical title 英倫, 歐陸的興革 Yinglun, Ou lu de xing ge
740 02 - ADDED ENTRY--UNCONTROLLED RELATED/ANALYTICAL TITLE
Uncontrolled related/analytical title 路易十四與法國 Luyi shi si yu Faguo
951 ## - EQUIVALENCE OR CROSS-REFERENCE-GEOGRAPHIC NAME/AREA NAME [OBSOLETE] [CAN/MARC only]
-- C-10335
-- REF-CHCB53/D93/8.2
-- 110301114424937
-- 2000-12-21
-- Ref-CH
Holdings
Withdrawn status Lost status Damaged status Not for loan Home library Current library Shelving location Date acquired Accession number Shelving control number Total Checkouts Full call number Barcode Date last seen Price effective from Koha item type
        BSOP Library BSOP Library   12/21/2000 C-10335 127   REF-CHCB53/D93/8.2 00040125 02/23/2013 02/23/2013 Books
BSOP

Biblical Seminary of the Philippines
  All rights Reserved
  © 2024

CONTACT INFORMATION

Biblical Seminary of the Philippines,
  77-B Karuhatan Road, Valenzuela City,
  PHILIPPINES 1441
  Phone: +632 8292-6795 / 8292-6798
  Fax : +632 8292-6675
  Email: library@bsop.edu.ph